000 01005nam a2200217Ii 4500
003 JO-AjNU
008 230605s9999||||xx |||||||||||||| ||und||
017 _a2010/2626
020 _a978-977-04-6362-2
040 _aJO-AjNU
_bara
_erda
_cJO-AjNU
041 _aara
050 1 4 _aKRM937.2010
100 3 _aالادريسي، هاني محمد أمين ,
_eauthor
_932427
245 0 0 _aالوجيز في الأوراق التجارية ( الكمبيالة - السند لأمر - الشيك )
264 3 1 _aالقاهرة : دار النهضة العربية ، 2010
300 _a171ص
336 _atext
_btxt
_2rdacontent
337 _aunmediated
_bn
_2rdamedia
338 _avolume
_bnc
_2rdacarrier
650 4 _aالأوراق التجارية -- قوانين وتشريعات -- مصر-- الكمبيالات -- قوانين وتشريعات -- السندات -- قوانين وتشريعات -- الشيكات -- قوانين وتشريعات -- القانون التجاري -- مصر
_932428
999 _aA13090
_c16658
_d16658